00258nam a2200109Ia 4500008004100000100002100041245002700062260002200089650001300111942000700124999001700131190216s9999||||xx |||||||||||||| ||und|| aJanardhanapillai 0aGeometry For Predegree bAjith Book Center aGeometry cBK c30462d30462